| 000 | 00768cam a22002651 4500 | ||
|---|---|---|---|
| 001 | 23278 | ||
| 003 | BD-RjUL | ||
| 005 | 20211209000919.0 | ||
| 008 | 140310s1954 nyu 001 0 eng | ||
| 035 | _a(BD-RjUL)23343 | ||
| 035 | _a(OCoLC)421408 | ||
| 040 |
_aDLC _cOAU _dBD-RjUL _beng |
||
| 041 | _aeng | ||
| 082 | 0 | 0 |
_a915.147 _bCLM 1954 |
| 100 | 1 |
_aClark, Leonard _q(Leonard Francis). _971755 |
|
| 245 | 1 | 4 |
_aThe marching wind / _cLeonard Clark. |
| 260 |
_aNew York : _bFunk & Wagnalls, _cc1954. |
||
| 300 |
_axvi, 368 p. : _billus. ; _c24 cm. |
||
| 504 | _aIncludes index. | ||
| 651 | 0 |
_aAmne Machin Mountains. _971756 |
|
| 651 | 0 |
_aQinghai Sheng (China) _xDescription and travel. _971757 |
|
| 942 |
_2ddc _cBK |
||
| 999 |
_c23278 _d23278 |
||